Posúdenie bezpečnosti práce na vybranom pracovisku

Salvato in:
Dettagli Bibliografici
Autore principale: Gerincová, Eva (Autore)
Altri autori: Kopúnek, Juraj (Relatore della tesi)
Natura: Manoscritto Libro
Lingua:slovacco
Pubblicazione: 2023
Soggetti:
Accesso online:http://is.stuba.sk/zp/portal_zp.pl?podrobnosti=163411
Tags: Aggiungi Tag
Nessun Tag, puoi essere il primo ad aggiungerne!!

MARC

LEADER 00000ntm a22000003a 4500
001 stuzp91953
003 SK-STU
005 20230909212036.5
007 ta
008 150427s2015----xo-----f-mn---000-0-slo-d
040 |a STU  |b slo 
041 0 |a slo 
100 1 |a Gerincová, Eva  |u 065000  |4 aut  |U MTF Materiálovotechnologická fakulta  |T MTF Ústav integrovanej bezpečnosti  |X 111508  |U M5000  |Y 85  |7 111508 
242 0 1 |a Assessment of work safety at the selected workplace  |y eng 
245 1 0 |a Posúdenie bezpečnosti práce na vybranom pracovisku 
260 |c 2023 
650 4 |a bezpečnosť a ochrana zdravia pri práci  |2 slo 
650 4 |a jednoduchá bodová metóda  |2 slo 
650 4 |a automatické zakladacie zariadenie  |2 slo 
650 4 |a nebezpečenstvo  |2 slo 
650 4 |a riziko  |2 slo 
650 4 |a skladovanie  |2 slo 
650 4 |a simple point method  |2 eng 
650 4 |a automatic stacking device  |2 eng 
650 4 |a risk  |2 eng 
650 4 |a hazard  |2 eng 
650 4 |a safety and occupational health  |2 eng 
650 4 |a storage  |2 eng 
700 1 |a Kopúnek, Juraj  |u 065000  |k Z3  |4 ths  |U MTF Materiálovotechnologická fakulta  |T MTF Ústav integrovanej bezpečnosti  |X 112312  |U M5000  |Y 85  |7 112312 
856 4 |u http://is.stuba.sk/zp/portal_zp.pl?podrobnosti=163411 
996 |c M* BP-9559  |l MMSKP  |s P  |a 0  |w stuzp91953_0001